| 000 | 01011nam0a22002531 4500 | ||
|---|---|---|---|
| 001 | rc\604068 | ||
| 005 | 20260406235749.0 | ||
| 035 | _a(NLR Aleph) 005848254 | ||
| 090 |
_a5751241 _c5751241 |
||
| 100 | _a20031121d1986 |||y0rusy50 ca | ||
| 101 | 0 | _arus | |
| 102 | _aRU | ||
| 105 | _aa ||||||||| | ||
| 200 | 1 |
_aВладимир Круглов, заслуженный артист Молдавской ССР _fМолд. театр. о-во _g[Сост. Г.С. Чинчлей _gАвт. текста В.С. Федоренко] |
|
| 210 |
_aКишинев _cТимпул _d1986 |
||
| 215 |
_a19 с. _cил. _d17х23 |
||
| 702 | 1 |
_aЧинчлей _bГ.С. _gГеоргий Семенович _4220 |
|
| 702 | 1 |
_aФедоренко _bВ.С. _gВиктория Сергеевна _4080 |
|
| 712 | 0 | 2 |
_aМолдавское театральное общество _cКишинев _3RU\NLR\AUTH\889989664 _9474785 |
| 801 | 0 |
_aRU _bNLR _gpsbo |
|
| 801 | 1 |
_aRU _bELAR _2rusmarc |
|
| 852 |
_aNLR _j87-6/100 |
||
| 942 | _cBOOK | ||
| 980 | _aNB | ||